00695nam a2200241 a 4500001001300000003000900013005001700022008004100039020000800080082001700088100002800105245002000133260005400153300000800207500003500215505001000250650002200260700002800282902000800310942000700318952011300325999001500438nice12345678IN_TiNIC20260116011739.0050524s1955 hyda grp 000 0 urd  ac200a891.41bAMJ1 aAmjad, Sd Ahmed Hussain aKhurkha-I-Amjad aHyderabad bMarkazi Anjuman Taleemus Salat c1955 a82p aincludes index and biblioraphy2 aIndex aUrdu-Poetry-amjad1 aAmjad, Sd Ahmed Hussain bSRS cBK 001040708StackRoom-aHMIbHMId2007-06-18g2.00l0o891.41 AMJ1p08391r2007-06-18v2.00w2005-05-24yBK c3664d3664